| 000 | 01386nam a22002537a 4500 | ||
|---|---|---|---|
| 999 |
_c434474 _d434474 |
||
| 003 | UA-OsUOA | ||
| 005 | 20200311113632.0 | ||
| 008 | 20170905b un ||||| |||| 00| 0 ukr d | ||
| 020 | _a9786177328307 | ||
| 040 |
_aUA-OsUOA _bukr _cUA-OsUOA _dUA-OsUOA |
||
| 041 | _aukr | ||
| 080 | _a908(477/43+477.81) | ||
| 090 |
_a908(477/43+477.81) _bВ54 |
||
| 100 | _aВихованець Т. | ||
| 245 |
_aЧастинка історії _bісторико-краєзнавчі нариси _cТарас Вихованець |
||
| 260 |
_aНетішин _c2016 |
||
| 300 |
_a216 с. _eіл. |
||
| 520 | _aУ книзі вміщено нариси з історії Нетішина, а також низки населених пунктів Славутського та Ізяславського районів Хмельницької та Острозького району Рівненської областей. Видання розраховане на краєнознавців, а також усіх, хто цікавиться локальною історією півночі Хмельниччини та південної частини Рівненщини. | ||
| 650 | 7 | _a908 Краєзнавство | |
| 942 |
_cBK _2udc |
||
| 955 | _a4 | ||